Dynamics of Nonconservative Mechanical Systems-Disc Brake Application

Uložené v:
Podrobná bibliografia
Hlavný autor: Úradníček, Juraj (Autor)
Ďalší autori: (Vedúci práce)
Médium: Rukopis Kniha
Jazyk:Slovak
English
Vydavateľské údaje: 2020
Predmet:
On-line prístup:http://is.stuba.sk/zp/portal_zp.pl?podrobnosti_zp=78963
Tagy: Pridať tag
Žiadne tagy, Buďte prvý, kto otaguje tento záznam!

MARC

LEADER 00000ntm a22000003a 4500
001 stuzp78963
003 SK-STU
005 20200926210225.3
007 ta
008 150427s2015----xo-----f-mn---000-0-slo-d
040 |a STU  |b slo 
041 0 |a eng 
100 1 |a Úradníček, Juraj  |u 020010  |k Z1  |4 aut  |U SjF Strojnícka fakulta  |T SjF Ústav aplikovanej mechaniky a mechatroniky  |X 10090  |U J0010  |Y 801  |7 A000010090 
242 0 1 |a Dynamika nekonzervatívnych mechanických systémov s aplikáciou kotúčovej brzdy  |y slo 
245 1 0 |a Dynamics of Nonconservative Mechanical Systems-Disc Brake Application 
260 |c 2020 
650 4 |a pískanie bŕzd  |2 slo 
650 4 |a nekonzervatívny mechanický systém  |2 slo 
650 4 |a nestabilita vyvolaná disipáciou energie  |2 slo 
650 4 |a komplexné vlastné tvary kmitania  |2 slo 
650 4 |a flutter  |2 slo 
650 4 |a brake squeal  |2 eng 
650 4 |a nonconservative mechanical system  |2 eng 
650 4 |a dissipation induced instability  |2 eng 
650 4 |a complex vibration modes  |2 eng 
650 4 |a flutter  |2 eng 
700 1 |a ,  |4 ths  |X null  |7 null 
856 4 |u http://is.stuba.sk/zp/portal_zp.pl?podrobnosti_zp=78963 
996 |b 284J045900  |c J* 118707  |l JJST  |s P  |a 0  |w stuzp78963_0001